[Event "34e Championnat de Martinique - Tournoi"]
[Site "Le Lamentin"]
[Date "2018.05.05"]
[Round "1.1"]
[White "Verneuil, Pascal"]
[Black "Guillaume, Marvin"]
[Result "1-0"]
[WhiteElo "2154"]
[BlackElo "1849"]
[PlyCount "143"]
[EventDate "2018.??.??"]

1. e4 e5 2. Nf3 Nf6 3. Nxe5 d6 4. Nf3 Nxe4 5. Nc3 Nxc3 6. dxc3 Be7 7. Be3 O-O
8. Qd2 Nd7 9. O-O-O Ne5 10. Be2 Ng4 11. h4 Nxe3 12. Qxe3 Bf6 13. Bd3 Re8 14.
Qf4 Qd7 15. Rhe1 Rf8 16. Ng5 Bxg5 17. hxg5 Qg4 18. Qd2 Be6 19. Re4 Qh5 20. Qf4
Rfe8 21. Rb4 Rab8 22. Qg3 h6 23. gxh6 Qxh6+ 24. Kb1 Qh5 25. f3 Qa5 26. a3 Qe5
27. Qh4 g6 28. Re4 Qg7 29. Rde1 d5 30. Re5 Kf8 31. Qb4+ Kg8 32. f4 Qf6 33. Qd4
b6 34. f5 c5 35. Qa4 gxf5 36. Bxf5 a5 37. Qg4+ Kf8 38. Bxe6 Rxe6 39. Rxe6 fxe6
40. Rxe6 Qf1+ 41. Ka2 Qc4+ 42. Qxc4 dxc4 43. Re4 b5 44. a4 Kf7 45. axb5 Rxb5
46. Ka3 Kf6 47. Rxc4 Ke5 48. b3 Kd5 49. g4 Rb8 50. g5 Rg8 51. Rg4 Rg6 52. Ka4
Rg8 53. g6 c4 54. Rg5+ Kc6 55. Rxa5 cxb3 56. cxb3 Kd6 57. c4 Ke6 58. b4 Kf6 59.
Ra6+ Ke5 60. Kb5 Rb8+ 61. Rb6 Rg8 62. c5 Kd5 63. Rd6+ Ke5 64. Kc4 Rf8 65. g7
Rf4+ 66. Kb5 Rg4 67. Rd7 Ke6 68. c6 Rg3 69. Kb6 Rg4 70. b5 Rg5 71. Kc7 Kf6 72.
b6 1-0

[Event "34e Championnat de Martinique - Tournoi"]
[Site "Le Lamentin"]
[Date "2018.05.05"]
[Round "1.2"]
[White "Lebon, Nicolas"]
[Black "Suez-Panama, Gilles"]
[Result "0-1"]
[WhiteElo "1713"]
[BlackElo "1971"]
[PlyCount "60"]
[EventDate "2018.??.??"]

1. b3 e5 2. Bb2 Nc6 3. e3 f5 4. c4 Nf6 5. Nc3 Bc5 6. a3 a5 7. d3 O-O 8. g3 d6
9. Nge2 Qe8 10. Bg2 Bd7 11. O-O f4 12. d4 Ba7 13. exf4 Nxd4 14. Nd5 Bg4 15.
Bxd4 Bxd4 16. Ra2 Nxd5 17. Bxd5+ Kh8 18. Qd3 Bc5 19. fxe5 Qxe5 20. Bxb7 Rae8
21. Nc1 Re6 22. Bg2 Ref6 23. h3 Bf5 24. Qd5 Qc3 25. g4 Bc2 26. Be4 Rxf2 27.
Rxf2 Qe1+ 28. Kh2 Qxf2+ 29. Bg2 Qg1+ 30. Kg3 Bf2# 0-1

[Event "34e Championnat de Martinique - Tournoi"]
[Site "Le Lamentin"]
[Date "2018.05.05"]
[Round "1.3"]
[White "Grange, Julien"]
[Black "Milton, Cedric"]
[Result "1/2-1/2"]
[WhiteElo "1854"]
[BlackElo "1660"]
[PlyCount "69"]
[EventDate "2018.??.??"]

1. c4 Nf6 2. g3 c6 3. Bg2 d5 4. d4 e6 5. Nf3 Bd6 6. Qc2 Nbd7 7. O-O h6 8. Nbd2
O-O 9. Rd1 Qa5 10. a3 Qc7 11. b4 a6 12. Bb2 b5 13. e4 dxe4 14. Nxe4 Nxe4 15.
Qxe4 Bb7 16. c5 Be7 17. Ne5 Nf6 18. Qe2 Nd5 19. Be4 a5 20. Bc2 axb4 21. Qd3 f5
22. Bb3 bxa3 23. Bxd5 exd5 24. Rxa3 Rxa3 25. Qxa3 Bf6 26. Ng6 Ra8 27. Qf3 Ra2
28. Bc1 Bc8 29. h4 Qf7 30. h5 Qe8 31. Qe3 Qe4 32. Re1 Kf7 33. Qc3 Qxd4 34. Re7+
Kg8 35. Re8+ 1/2-1/2

[Event "34e Championnat de Martinique - Tournoi"]
[Site "Le Lamentin"]
[Date "2018.05.05"]
[Round "1.4"]
[White "Cesaire-Hierso, Florian"]
[Black "Francois-Haugrin, Said"]
[Result "0-1"]
[WhiteElo "1837"]
[BlackElo "1789"]
[PlyCount "100"]
[EventDate "2018.??.??"]

1. d4 Nf6 2. c4 c5 3. d5 b5 4. Nc3 b4 5. Nb1 g6 6. Nd2 Bg7 7. e4 d6 8. f4 O-O
9. Ngf3 Bg4 10. Be2 Nbd7 11. h3 Bxf3 12. Bxf3 e5 13. dxe6 fxe6 14. e5 Nh5 15.
O-O Ng3 16. Bxa8 Nxf1 17. Nxf1 Qxa8 18. Qxd6 Qe8 19. Be3 Rf7 20. Ng3 g5 21. Nh5
gxf4 22. Bxf4 Bf8 23. Qd1 Rf5 24. g4 Qg6 25. Qxd7 Rxh5 26. Kh2 Qxg4 27. Qd3
Qxf4+ 28. Kh1 Qf5 29. Rg1+ Kh8 30. Rg3 Qxd3 31. Rxd3 Rxe5 32. Rd2 Bh6 33. Rd8+
Kg7 34. Rd7+ Kg6 35. Rxa7 Re1+ 36. Kg2 Re2+ 37. Kf3 Rxb2 38. Ke4 Re2+ 39. Kf3
Re3+ 40. Kf2 Ra3 41. Rxa3 bxa3 42. Ke2 Kf5 43. Kd3 e5 44. Ke2 Ke4 45. h4 Kd4
46. h5 Kxc4 47. Kf3 Kd3 48. Kf2 Kd2 49. Kf3 c4 50. Ke4 c3 0-1

[Event "34e Championnat de Martinique - Tournoi"]
[Site "Le Lamentin"]
[Date "2018.05.05"]
[Round "1.6"]
[White "Marbot, Raymond"]
[Black "Alcindor, Samuel"]
[Result "1-0"]
[WhiteElo "1673"]
[BlackElo "1664"]
[PlyCount "135"]
[EventDate "2018.??.??"]

1. e4 c5 2. Nf3 Nc6 3. d4 cxd4 4. Nxd4 a6 5. Nc3 Nf6 6. Be3 d6 7. Be2 e6 8. O-O
g6 9. Qd2 Bg7 10. Rad1 d5 11. Nxc6 bxc6 12. Bh6 O-O 13. Bxg7 Kxg7 14. exd5 cxd5
15. Bf3 Rb8 16. b3 Bd7 17. Rfe1 Qa5 18. a4 Rfc8 19. Ne2 Qc5 20. Nd4 Re8 21. Qe3
Qc7 22. Qe5 Rbc8 23. Rd2 Re7 24. g4 h6 25. h4 Be8 26. g5 Qxe5 27. Rxe5 Nd7 28.
gxh6+ Kxh6 29. Re1 Nf6 30. Rde2 Rec7 31. Kg2 Nh5 32. Bxh5 Kxh5 33. Re5+ Kh6 34.
R1e2 Kg7 35. h5 gxh5 36. Rxh5 Kg6 37. Rh3 Rc3 38. f3 Bd7 39. Rg3+ Kf6 40. f4
Rxg3+ 41. Kxg3 Rg8+ 42. Kf3 Rg1 43. Kf2 Rd1 44. Ke3 Ke7 45. Nf3 f6 46. Rh2 Be8
47. Rh7+ Bf7 48. Ke2 Rc1 49. Ne1 Kf8 50. Kd2 Rb1 51. Rh8+ Bg8 52. Rh3 Kg7 53.
Rc3 Bf7 54. Rc6 Bh5 55. Nd3 Rd1+ 56. Kc3 Kf7 57. Rxa6 Rf1 58. Ra7+ Kf8 59. a5
Bg6 60. a6 Ra1 61. Kb2 Ra5 62. b4 Rb5 63. Rb7 Be8 64. Nc5 Bc6 65. Nxe6+ Kg8 66.
Rxb5 Bxb5 67. Nc7 Bc6 68. b5 1-0

[Event "34e Championnat de Martinique - Tournoi"]
[Site "Le Lamentin"]
[Date "2018.05.05"]
[Round "1.5"]
[White "Evers, Shaman"]
[Black "Bagghi, Youri"]
[Result "1/2-1/2"]
[WhiteElo "1612"]
[BlackElo "1763"]
[PlyCount "85"]
[EventDate "2018.??.??"]

1. e4 c5 2. Nf3 d6 3. d4 cxd4 4. Nxd4 Nf6 5. Nc3 a6 6. Be2 e6 7. Be3 Be7 8. O-O
O-O 9. Qd2 Nc6 10. f4 Qc7 11. Rad1 b5 12. Nxc6 Qxc6 13. e5 dxe5 14. fxe5 Bb7
15. Bf3 Nd5 16. Nxd5 exd5 17. Bxd5 Qxd5 18. Qxd5 Bxd5 19. Rxd5 Rfd8 20. Rfd1
Rxd5 21. Rxd5 Rd8 22. Rxd8+ Bxd8 23. Bc5 Bc7 24. Bd6 Bxd6 25. exd6 Kf8 26. Kf2
Ke8 27. Ke3 Kd7 28. Kd4 Kxd6 29. b3 f5 30. c4 bxc4 31. Kxc4 g5 32. b4 Kc6 33.
a4 f4 34. b5+ axb5+ 35. axb5+ Kb6 36. h3 h5 37. Kd4 g4 38. h4 Kxb5 39. Ke4 f3
40. gxf3 gxf3 41. Kxf3 Kc6 42. Kf4 Kd7 43. Kg5 1/2-1/2

[Event "34e Championnat de Martinique - Tournoi"]
[Site "Le Lamentin"]
[Date "2018.05.05"]
[Round "2.1"]
[White "Milton, Cedric"]
[Black "Verneuil, Pascal"]
[Result "0-1"]
[WhiteElo "1660"]
[BlackElo "2154"]
[PlyCount "80"]
[EventDate "2018.??.??"]

1. e4 c5 2. Nf3 Nc6 3. d4 cxd4 4. Nxd4 e5 5. Nf3 h6 6. Be3 Bb4+ 7. c3 Be7 8.
Nbd2 Nf6 9. Bb5 d6 10. h3 O-O 11. O-O Be6 12. Qa4 Qc7 13. Rfe1 a6 14. Bxc6 bxc6
15. c4 Nd7 16. Qc2 f5 17. exf5 Bxf5 18. Qc3 Bf6 19. Qa3 Rf7 20. Rad1 Be7 21.
Nb3 Bxh3 22. Qa5 Qb7 23. Nh2 Be6 24. Rc1 Raf8 25. Re2 Rf6 26. Kh1 Rg6 27. f3
Nf6 28. Qb6 Qd7 29. Na5 Nh5 30. Rd2 Ng3+ 31. Kg1 Nf5 32. Bf2 Bg5 33. Rcd1 Bxd2
34. Rxd2 Ne7 35. Qxa6 Bh3 36. Bc5 Bxg2 37. Rxd6 Rxd6 38. Bxd6 Qxd6 39. Kxg2
Qd2+ 40. Kg1 Rf6 0-1

[Event "34e Championnat de Martinique - Tournoi"]
[Site "Le Lamentin"]
[Date "2018.05.05"]
[Round "2.2"]
[White "Suez-Panama, Gilles"]
[Black "Evers, Shaman"]
[Result "1-0"]
[WhiteElo "1971"]
[BlackElo "1612"]
[PlyCount "55"]
[EventDate "2018.??.??"]

1. d4 Nf6 2. Nf3 d5 3. c4 e6 4. g3 dxc4 5. Bg2 c5 6. Na3 c3 7. bxc3 cxd4 8.
Qxd4 Be7 9. O-O O-O 10. Ne5 Nbd7 11. Nac4 Nxe5 12. Nxe5 Qc7 13. Nd3 Rd8 14. Bf4
Bd6 15. Rfd1 Bxf4 16. Qxf4 Qxf4 17. Nxf4 Rxd1+ 18. Rxd1 Kf8 19. Nd3 Nd7 20. c4
Rb8 21. c5 b6 22. c6 Nc5 23. c7 Rb7 24. Bxb7 Nxb7 25. Nb4 Ke7 26. Nc6+ Ke8 27.
Rd8+ Nxd8 28. cxd8=Q# 1-0

[Event "34e Championnat de Martinique - Tournoi"]
[Site "Le Lamentin"]
[Date "2018.05.05"]
[Round "2.3"]
[White "Bagghi, Youri"]
[Black "Marbot, Raymond"]
[Result "1/2-1/2"]
[WhiteElo "1763"]
[BlackElo "1673"]
[PlyCount "75"]
[EventDate "2018.??.??"]

1. d4 Nf6 2. Nf3 e6 3. Bf4 Be7 4. e3 O-O 5. Bd3 d5 6. Nbd2 Nbd7 7. h3 c5 8. c3
Re8 9. O-O h6 10. Ne5 Nxe5 11. dxe5 Nd7 12. Qg4 Bg5 13. Bh2 f5 14. Qh5 c4 15.
Bc2 Nc5 16. Nf3 Bd7 17. Nd4 Rf8 18. Qe2 Be7 19. Rfd1 Qe8 20. b4 Ne4 21. Bxe4
fxe4 22. Qg4 Qf7 23. Rd2 h5 24. Qe2 g5 25. Bg3 Qg6 26. Rf1 Rf7 27. f4 exf3 28.
Rxf3 Raf8 29. Rxf7 Rxf7 30. Qe1 h4 31. Bh2 g4 32. hxg4 Qxg4 33. Bf4 Rg7 34. Qf1
h3 35. Qf3 Qxf3 36. Nxf3 hxg2 37. Rxg2 Rxg2+ 38. Kxg2 1/2-1/2

[Event "34e Championnat de Martinique - Tournoi"]
[Site "Le Lamentin"]
[Date "2018.05.05"]
[Round "2.4"]
[White "Francois-Haugrin, Said"]
[Black "Guillaume, Marvin"]
[Result "1-0"]
[WhiteElo "1789"]
[BlackElo "1849"]
[PlyCount "123"]
[EventDate "2018.??.??"]

1. e4 d6 2. d4 Nf6 3. Nc3 g6 4. Be3 Bg7 5. Qd2 c6 6. O-O-O Nbd7 7. e5 dxe5 8.
dxe5 Ng4 9. e6 fxe6 10. Bc4 Nxe3 11. Qxe3 Qb6 12. Qe2 Ne5 13. Bb3 O-O 14. Nh3
Nf7 15. f4 a5 16. a4 Bxc3 17. bxc3 Qc5 18. Qc4 Qxc4 19. Bxc4 Nd6 20. Bb3 c5 21.
Rhe1 c4 22. Ba2 Ra6 23. Rd4 Rc6 24. Ng5 Rf6 25. Ne4 Rxf4 26. Nxd6 Rxd4 27. Nxc8
Rd7 28. Na7 Rc5 29. Rxe6 Kg7 30. Re4 Kf6 31. Bxc4 Rdc7 32. Bd3 Rxc3 33. Nb5
Rxd3 34. Nxc7 Rd7 35. Nb5 e5 36. g4 Kg5 37. h3 Kh4 38. Re3 Rf7 39. Nd6 Rf1+ 40.
Kb2 Rh1 41. Nxb7 Rxh3 42. Rxh3+ Kxh3 43. c4 Kxg4 44. c5 Kf5 45. Kc2 h5 46. Kd2
g5 47. Ke2 h4 48. Kf2 g4 49. Nxa5 g3+ 50. Kg2 Kg4 51. Nc4 h3+ 52. Kg1 e4 53. c6
Kf3 54. Nd2+ Ke3 55. Nf1+ Kf3 56. Nxg3 Kxg3 57. c7 e3 58. c8=Q e2 59. Qe6 h2+
60. Kh1 Kf2 61. Qxe2+ Kxe2 62. a5 1-0

[Event "34e Championnat de Martinique - Tournoi"]
[Site "Le Lamentin"]
[Date "2018.05.05"]
[Round "2.5"]
[White "Alcindor, Samuel"]
[Black "Grange, Julien"]
[Result "0-1"]
[WhiteElo "1664"]
[BlackElo "1854"]
[PlyCount "50"]
[EventDate "2018.??.??"]

1. e4 d6 2. d4 Nf6 3. Nc3 g6 4. Bc4 Bg7 5. f4 c5 6. Be3 Ng4 7. Bb5+ Kf8 8. Bd2
cxd4 9. Nd5 Ne3 10. Bxe3 dxe3 11. c3 a6 12. Ba4 b5 13. Bc2 Bb7 14. Nxe3 Nd7 15.
Ne2 Nc5 16. Ng3 h5 17. h4 Bc6 18. f5 Be5 19. O-O g5 20. Nxh5 Bxe4 21. hxg5 Qb6
22. Rf2 Bxc2 23. Qd5 Be4 24. Qd1 Nd3 25. Re2 Rxh5 0-1

[Event "34e Championnat de Martinique - Tournoi"]
[Site "Le Lamentin"]
[Date "2018.05.05"]
[Round "2.6"]
[White "Cesaire-Hierso, Florian"]
[Black "Lebon, Nicolas"]
[Result "0-1"]
[WhiteElo "1837"]
[BlackElo "1713"]
[PlyCount "78"]
[EventDate "2018.??.??"]

1. e4 d5 2. exd5 Qxd5 3. Nc3 Qa5 4. d4 Nf6 5. Nf3 Bg4 6. Be2 c6 7. h3 Bh5 8.
Bf4 e6 9. a3 Be7 10. Ne5 Bxe2 11. Qxe2 O-O 12. b4 Qd8 13. Rd1 Nbd7 14. O-O Nb6
15. Rd3 Nbd5 16. Nxd5 exd5 17. Rfd1 Re8 18. Rg3 Ne4 19. Rxg7+ Kxg7 20. Qh5 Ng5
21. h4 f6 22. hxg5 fxe5 23. Bxe5+ Kg8 24. Qh6 Bf8 25. Qh5 Rxe5 26. dxe5 Qe8 27.
Qh2 Qg6 28. Rd3 Bg7 29. f4 Rf8 30. Qh4 Qe4 31. g6 hxg6 32. Rf3 Bxe5 33. Rh3
Qd4+ 34. Kh1 Qd1+ 35. Kh2 Bxf4+ 36. g3 Qxc2+ 37. Kh1 Qd1+ 38. Kh2 Qe2+ 39. Kh1
Bh6 0-1

[Event "34e Championnat de Martinique - Tournoi "]
[Site "Le Lamentin"]
[Date "2018.05.06"]
[Round "3.1"]
[White "Marbot, Raymond"]
[Black "Suez-Panama, Gilles"]
[Result "0-1"]
[WhiteElo "1673"]
[BlackElo "1971"]
[PlyCount "80"]
[EventDate "2018.??.??"]

1. e4 e6 2. d4 d5 3. Nd2 Nc6 4. c3 e5 5. exd5 Qxd5 6. Ngf3 exd4 7. Bc4 Qh5 8.
cxd4 Nf6 9. Qe2+ Be7 10. O-O O-O 11. Ne4 Bg4 12. Ng3 Qa5 13. Be3 Rad8 14. Rfd1
Nd5 15. h3 Bc8 16. Rac1 Nxe3 17. fxe3 Kh8 18. a3 Rd6 19. Bd3 Rh6 20. e4 Qb6 21.
Kh2 Nxd4 22. Nxd4 Qxd4 23. Nf5 Bxf5 24. exf5 Bd6+ 25. g3 Bxg3+ 26. Kxg3 Qh4+
27. Kg2 Qxh3+ 28. Kf2 Qh4+ 29. Kf1 Qh1+ 30. Kf2 Rh2+ 31. Kg3 Rh3+ 32. Kf2 Qh2+
33. Kf1 Qf4+ 34. Kg1 Rg3+ 35. Kh1 Qh4+ 36. Qh2 Rh3 37. Rd2 Re8 38. Bf1 Rxh2+
39. Rxh2 Qf4 40. Rd1 Qf3+ 0-1

[Event "34e Championnat de Martinique - Tournoi "]
[Site "Le Lamentin"]
[Date "2018.05.06"]
[Round "3.2"]
[White "Lebon, Nicolas"]
[Black "Francois-Haugrin, Said"]
[Result "0-1"]
[WhiteElo "1713"]
[BlackElo "1789"]
[PlyCount "82"]
[EventDate "2018.??.??"]

1. b3 d5 2. Bb2 c5 3. e3 Qc7 4. f4 Nf6 5. Nf3 Bg4 6. Bb5+ Nc6 7. O-O e6 8. d3
Bd6 9. Nbd2 O-O-O 10. Bxc6 Qxc6 11. Qe1 Bxf3 12. Nxf3 Rhg8 13. c4 Kb8 14. Qe2
h6 15. Ne5 Qe8 16. e4 Bc7 17. Rad1 Nd7 18. Nxd7+ Qxd7 19. cxd5 exd5 20. e5 g5
21. d4 cxd4 22. Bxd4 gxf4 23. Rxf4 Rde8 24. Qf2 Bxe5 25. Bxa7+ Ka8 26. Ra4 b5
27. Ra5 Bc3 28. Ra3 Bb4 29. Ra6 Qb7 30. Bc5+ Qxa6 31. Bxb4 Qb7 32. Bc5 Re4 33.
b4 h5 34. Qf3 Reg4 35. Qa3+ Kb8 36. Bd6+ Kc8 37. Rc1+ Rc4 38. Qh3+ Qd7 39.
Qxd7+ Kxd7 40. Rxc4 dxc4 41. Bc5 Ra8 0-1

[Event "34e Championnat de Martinique - Tournoi "]
[Site "Le Lamentin"]
[Date "2018.05.06"]
[Round "3.3"]
[White "Verneuil, Pascal"]
[Black "Alcindor, Samuel"]
[Result "1-0"]
[WhiteElo "2154"]
[BlackElo "1664"]
[PlyCount "79"]
[EventDate "2018.??.??"]

1. e4 c5 2. Nc3 Nc6 3. Bb5 e6 4. Bxc6 bxc6 5. f4 d5 6. d3 Rb8 7. Nf3 Bd6 8. O-O
Ne7 9. b3 O-O 10. Na4 Ng6 11. e5 Be7 12. c4 Ba6 13. Qc2 Qc7 14. Be3 d4 15. Bd2
f6 16. Rae1 h6 17. Bc1 Rbd8 18. Qe2 Bc8 19. Qe4 Nh8 20. exf6 Rxf6 21. Ne5 Bd6
22. Ba3 Bxe5 23. Qxe5 Qf7 24. Qe4 Ng6 25. g3 e5 26. fxe5 Bf5 27. Qg2 Re6 28. g4
Rxe5 29. Rxe5 Nxe5 30. Rxf5 Qe6 31. Nxc5 Qd6 32. Nb7 Qxa3 33. Nxd8 Qc1+ 34. Qf1
Nxd3 35. Rf8+ Kh7 36. Qxc1 Nxc1 37. Nxc6 d3 38. Rd8 Ne2+ 39. Kf2 Nf4 40. Nb4
1-0

[Event "34e Championnat de Martinique - Tournoi "]
[Site "Le Lamentin"]
[Date "2018.05.06"]
[Round "3.4"]
[White "Grange, Julien"]
[Black "Bagghi, Youri"]
[Result "1-0"]
[WhiteElo "1854"]
[BlackElo "1763"]
[PlyCount "83"]
[EventDate "2018.??.??"]

1. e4 c6 2. d4 d5 3. e5 Bf5 4. Ne2 e6 5. Ng3 Bg6 6. h4 h6 7. h5 Bh7 8. Bd3 Bxd3
9. Qxd3 Nd7 10. f4 Qb6 11. Nd2 O-O-O 12. c3 f6 13. b4 Qa6 14. Qc2 Nb6 15. a4
Nc4 16. Nb3 f5 17. O-O g6 18. hxg6 b6 19. Nxf5 exf5 20. Qxf5+ Kb8 21. Qh3 Qc8
22. f5 Ne7 23. Bg5 Rg8 24. Bxe7 Bxe7 25. Qxh6 Rh8 26. Qc1 Bh4 27. Qf4 Rdg8 28.
g3 Qd8 29. gxh4 Rxh4 30. Qg3 Rgh8 31. f6 Rh3 32. Qf4 Kb7 33. f7 Qf8 34. Ra2
Rh1+ 35. Kg2 R1h2+ 36. Qxh2 Rxh2+ 37. Kxh2 Qh6+ 38. Kg1 Qe3+ 39. Raf2 Qg3+ 40.
Rg2 Qe3+ 41. Rff2 Qe1+ 42. Kh2 1-0

[Event "34e Championnat de Martinique - Tournoi "]
[Site "Le Lamentin"]
[Date "2018.05.06"]
[Round "3.5"]
[White "Guillaume, Marvin"]
[Black "Milton, Cedric"]
[Result "1-0"]
[WhiteElo "1849"]
[BlackElo "1660"]
[PlyCount "49"]
[EventDate "2018.??.??"]

1. d4 d5 2. c4 c6 3. Nf3 Nf6 4. g3 e6 5. Bg2 Bd6 6. O-O Nbd7 7. Qc2 O-O 8. Rd1
Qc7 9. Nbd2 e5 10. cxd5 Nxd5 11. Nc4 exd4 12. Rxd4 Bc5 13. Rh4 f5 14. Ng5 N7f6
15. Nd2 Qb6 16. e3 Nxe3 17. fxe3 Bxe3+ 18. Kh1 Bxg5 19. Nc4 Qc5 20. Bxg5 b5 21.
Na3 Qxc2 22. Nxc2 Bd7 23. Rd1 Be8 24. Rd6 Rc8 25. Nd4 1-0

[Event "34e Championnat de Martinique - Tournoi "]
[Site "Le Lamentin"]
[Date "2018.05.06"]
[Round "3.6"]
[White "Evers, Shaman"]
[Black "Cesaire-Hierso, Florian"]
[Result "1-0"]
[WhiteElo "1612"]
[BlackElo "1837"]
[PlyCount "77"]
[EventDate "2018.??.??"]

1. e4 e5 2. Nf3 Nc6 3. Bc4 Bc5 4. O-O d6 5. c3 Bg4 6. d3 Nf6 7. b4 Nxb4 8. cxb4
Bxf3 9. Qa4+ c6 10. bxc5 Bh5 11. cxd6 Qd7 12. Qc2 Rf8 13. Qc3 O-O-O 14. Qxe5
Rde8 15. Qa5 b6 16. Ba6+ Kb8 17. Qg5 h6 18. Qf5 Re6 19. Bc4 g5 20. Bxe6 fxe6
21. Qh3 Qxd6 22. e5 Qd4 23. exf6 Bg6 24. Na3 Rxf6 25. Be3 Qc3 26. d4 Bd3 27.
Rad1 Qxa3 28. Rxd3 Qxa2 29. Qg3+ Kb7 30. Qe5 Rf7 31. Rc3 a5 32. Rfc1 Rc7 33.
Qe4 Qa4 34. Qxe6 g4 35. d5 c5 36. d6 Rd7 37. Bxc5 bxc5 38. Rxc5 g3 39. Rc7+ 1-0

[Event "34e Championnat de Martinique - Tournoi "]
[Site "Le Lamentin"]
[Date "2018.05.06"]
[Round "4.1"]
[White "Suez-Panama, Gilles"]
[Black "Grange, Julien"]
[Result "0-1"]
[WhiteElo "1971"]
[BlackElo "1854"]
[PlyCount "96"]
[EventDate "2018.??.??"]

1. d4 Nf6 2. Nf3 e6 3. c4 d5 4. g3 Bb4+ 5. Bd2 Be7 6. Bg2 dxc4 7. Qa4+ Nbd7 8.
O-O O-O 9. Qxc4 a6 10. Nc3 b5 11. Qc6 Ra7 12. Nd1 Bb7 13. Qc2 c5 14. dxc5 Be4
15. Qc1 Nxc5 16. Nc3 Bxf3 17. Bxf3 Rd7 18. Be3 b4 19. Nd1 Qa5 20. b3 Nd5 21.
Bd4 Rc8 22. Nb2 Qd8 23. Nc4 Nf6 24. Bb2 Nfe4 25. Qf4 Bg5 26. Qg4 f5 27. Qh3 Nd2
28. Nxd2 Bxd2 29. Rad1 Qa5 30. e4 Qxa2 31. Rb1 Qxb3 32. Kg2 fxe4 33. Bd1 Qd5
34. Bg4 Rf8 35. Kg1 Rdf7 36. Rbd1 e3 37. f4 e2 38. Bxe2 Be3+ 39. Rf2 Qa2 40.
Bd4 Qxe2 41. Bxe3 Qxd1+ 42. Rf1 Qd5 43. Rc1 Nb3 44. Rb1 Qd3 45. Re1 Nd4 46. Kf2
b3 47. Qg4 b2 48. Rd1 b1=Q 0-1

[Event "34e Championnat de Martinique - Tournoi "]
[Site "Le Lamentin"]
[Date "2018.05.06"]
[Round "4.2"]
[White "Bagghi, Youri"]
[Black "Verneuil, Pascal"]
[Result "0-1"]
[WhiteElo "1763"]
[BlackElo "2154"]
[PlyCount "140"]
[EventDate "2018.??.??"]

1. e4 c5 2. Nf3 Nc6 3. d4 cxd4 4. Nxd4 e5 5. Nb5 d6 6. c4 Be7 7. N1c3 a6 8. Na3
Be6 9. b3 Bg5 10. Bxg5 Qxg5 11. g3 Nd4 12. Bg2 Bg4 13. Qd3 Ne7 14. Nc2 Nec6 15.
Nd5 O-O 16. f3 Nxc2+ 17. Qxc2 Be6 18. O-O Bxd5 19. exd5 Nd4 20. Qd3 Qg6 21. Qd2
b5 22. f4 f6 23. c5 dxc5 24. Rac1 Rac8 25. d6 Qg4 26. Kh1 Qe6 27. Bb7 Rb8 28.
Qg2 Qxd6 29. Qd5+ Qxd5+ 30. Bxd5+ Kh8 31. fxe5 fxe5 32. Rxf8+ Rxf8 33. Rxc5 g6
34. Kg2 Re8 35. Be4 a5 36. Kf2 Kg7 37. Ke3 Kf6 38. Bd3 Ke6 39. Bxb5 Kd6 40.
Rd5+ Kxd5 41. Bxe8 Nf5+ 42. Ke2 Nd6 43. Bd7 Kd4 44. Kd2 Ne4+ 45. Ke1 Ke3 46.
Be6 Nc5 47. Bc4 Kd4 48. Ke2 Ne4 49. Bg8 Nf6 50. Be6 Ne4 51. Bg8 h6 52. Bh7 Nc3+
53. Kd2 g5 54. a3 Nb5 55. a4 Nc7 56. Bd3 Nd5 57. Bc4 Nb4 58. Bf1 e4 59. Bc4 Na2
60. Ba6 e3+ 61. Ke2 Nc1+ 62. Kd1 Nxb3 63. Kc2 Nd2 64. Be2 Ne4 65. Bf3 Nc5 66.
Bc6 Nd3 67. Bd5 e2 68. Bc4 Kxc4 69. g4 e1=Q 70. h4 Qc1# 0-1

[Event "34e Championnat de Martinique - Tournoi "]
[Site "Le Lamentin"]
[Date "2018.05.06"]
[Round "4.3"]
[White "Francois-Haugrin, Said"]
[Black "Milton, Cedric"]
[Result "1-0"]
[WhiteElo "1789"]
[BlackElo "1660"]
[PlyCount "27"]
[EventDate "2018.??.??"]

1. e4 e5 2. Nf3 Nc6 3. Bc4 Bc5 4. O-O Nf6 5. d3 d6 6. h3 h6 7. c3 Bd7 8. a4 a6
9. d4 Ba7 10. Re1 g5 11. dxe5 dxe5 12. Qb3 g4 13. Bxf7+ Ke7 14. Nh4 1-0

[Event "34e Championnat de Martinique - Tournoi "]
[Site "Le Lamentin"]
[Date "2018.05.06"]
[Round "4.4"]
[White "Lebon, Nicolas"]
[Black "Evers, Shaman"]
[Result "1-0"]
[WhiteElo "1713"]
[BlackElo "1612"]
[PlyCount "139"]
[EventDate "2018.??.??"]

1. b3 e5 2. Bb2 Nc6 3. e3 d5 4. Bb5 Bd6 5. f4 Qe7 6. Nf3 Bg4 7. h3 Bxf3 8. Qxf3
a6 9. Bxc6+ bxc6 10. O-O Nf6 11. Qg3 exf4 12. Qxg7 Rg8 13. Qxf6 Qe4 14. Rf2 Rg6
15. Qd4 Qe6 16. Qd3 Rg3 17. Rf3 Rxf3 18. gxf3 Qxh3 19. Qe2 Qg3+ 20. Kf1 fxe3
21. dxe3 Ke7 22. Qg2 Qh4 23. Nd2 Bg3 24. Ke2 Re8 25. Rh1 Qg5 26. Nf1 Kd8 27.
Bf6+ Qxf6 28. Qxg3 Qc3 29. Qh4+ Kc8 30. Qxh7 d4 31. Qd3 Qb2 32. Qxa6+ Kd8 33.
Qd3 Qxa2 34. Qxd4+ Kc8 35. Rh8 Qxc2+ 36. Nd2 Rxh8 37. Qxh8+ Kb7 38. Qf6 Qc5 39.
Qxf7 Qg5 40. Qc4 Qg2+ 41. Kd3 Qg6+ 42. e4 Qd6+ 43. Qd4 Qf4 44. Qb4+ Kc8 45. Qc5
Kb7 46. Qd4 Qg5 47. e5 Qf5+ 48. Qe4 Qd7+ 49. Ke3 Qg7 50. Nc4 Qg1+ 51. Kf4 Qh2+
52. Ke3 Qg1+ 53. Kf4 Qh2+ 54. Kg4 Qg2+ 55. Kf5 Qh3+ 56. Qg4 Qh7+ 57. Qg6 Qd7+
58. e6 Qd3+ 59. Kf6 Qxf3+ 60. Kg7 Qc3+ 61. Kg8 Qe1 62. Kf8 Qf2+ 63. Qf7 Qd4 64.
e7 Qh8+ 65. Qg8 Qf6+ 66. Ke8 Qf5 67. Qg7 Kc8 68. Ne3 Qd7+ 69. Kf7 Kb7 70. Qf6
1-0

[Event "34e Championnat de Martinique - Tournoi "]
[Site "Le Lamentin"]
[Date "2018.05.06"]
[Round "4.5"]
[White "Cesaire-Hierso, Florian"]
[Black "Marbot, Raymond"]
[Result "0-1"]
[WhiteElo "1837"]
[BlackElo "1673"]
[PlyCount "140"]
[EventDate "2018.??.??"]

1. e4 e6 2. d4 d5 3. exd5 exd5 4. Bd3 Nf6 5. Bg5 Bd6 6. Nc3 c6 7. Nge2 Bg4 8.
f3 Bh5 9. Ng3 Bg6 10. Nf5 Bxf5 11. Bxf5 h6 12. Be3 O-O 13. Qd2 Re8 14. O-O-O
Nbd7 15. g4 Qc7 16. Kb1 Nh7 17. Bxh6 gxh6 18. Qxh6 Ndf8 19. g5 Bf4 20. Rdg1 Qd6
21. Rg4 Kh8 22. Qh4 Bd2 23. Qh5 Qe7 24. Nd1 Be1 25. Rhg1 Ng6 26. Bxg6 fxg6 27.
Qxg6 Nf8 28. Qd3 Qe2 29. g6 Kg7 30. h4 Qxd3 31. cxd3 Bd2 32. f4 Nd7 33. f5 Nf6
34. R4g2 Be3 35. Nxe3 Rxe3 36. Kc2 Rae8 37. Kd2 Rh3 38. Re1 Rxe1 39. Kxe1 Rxh4
40. Re2 Ng8 41. Re8 Rxd4 42. Rb8 Rb4 43. Rc8 Ne7 44. Rc7 Kf6 45. g7 Rg4 46.
Rxb7 Rxg7 47. Rxa7 Nxf5 48. Rxg7 Nxg7 49. Kd2 d4 50. Kc2 Ke5 51. Kb3 Kd5 52.
Kb4 Ne6 53. Kb3 Nc5+ 54. Kc2 Na6 55. Kb3 c5 56. a3 Nc7 57. Kc2 c4 58. dxc4+
Kxc4 59. b3+ Kd5 60. Kd3 Ne6 61. Kd2 Kc5 62. Kd3 Nf4+ 63. Ke4 d3 64. Ke3 Kd5
65. a4 Kc5 66. a5 Kb4 67. a6 Kc3 68. a7 Nd5+ 69. Kf2 Nb6 70. Ke1 Kc2 0-1

[Event "34e Championnat de Martinique - Tournoi "]
[Site "Le Lamentin"]
[Date "2018.05.06"]
[Round "4.6"]
[White "Alcindor, Samuel"]
[Black "Guillaume, Marvin"]
[Result "0-1"]
[WhiteElo "1664"]
[BlackElo "1849"]
[PlyCount "54"]
[EventDate "2018.??.??"]

1. e4 e5 2. Nf3 Nf6 3. Nc3 Nc6 4. Bc4 Be7 5. d4 Nxe4 6. Bxf7+ Kxf7 7. Nxe4 exd4
8. Nxd4 Re8 9. O-O Nxd4 10. Qxd4 d5 11. Ng3 Kg8 12. Bf4 Bf6 13. Qb4 a5 14. Qb3
a4 15. Qa3 Qe7 16. Rae1 Qxe1 17. Rxe1 Rxe1+ 18. Nf1 b6 19. Qd3 Ra5 20. c4 Ba6
21. b3 axb3 22. axb3 dxc4 23. bxc4 Rc5 24. Qd2 Ra1 25. Qe2 h6 26. Qe6+ Kf8 27.
Bxh6 Rxf1+ 0-1

[Event "34e Championnat de Martinique - Tournoi "]
[Site "Le Lamentin"]
[Date "2018.05.10"]
[Round "5.1"]
[White "Verneuil, Pascal"]
[Black "Suez-Panama, Gilles"]
[Result "0-1"]
[WhiteElo "2154"]
[BlackElo "1971"]
[PlyCount "116"]
[EventDate "2018.??.??"]

1. e4 e6 2. d4 d5 3. Bd3 c5 4. exd5 Qxd5 5. Nc3 Qd8 6. dxc5 Bxc5 7. Ne4 Be7 8.
Qg4 g6 9. Qe2 Nc6 10. Nf3 Bd7 11. a3 h6 12. Bd2 f5 13. Nc3 Nf6 14. Bc4 Qb6 15.
O-O Nd4 16. Nxd4 Qxd4 17. Rad1 Ne4 18. Be3 Nxc3 19. bxc3 Qe5 20. Qd2 Qc7 21.
Bf4 Qxc4 22. Qxd7+ Kf7 23. Bd6 Rhe8 24. Qxb7 Qc8 25. Qb4 a5 26. Qf4 g5 27. Qf3
Bf6 28. Rd3 g4 29. Qe3 Kg6 30. f3 h5 31. fxg4 hxg4 32. h3 Bg5 33. Qg3 Qc4 34.
Bf4 Qc5+ 35. Rf2 e5 36. Bxg5 Kxg5 37. Rd7 Ra7 38. Rxa7 Qxa7 39. hxg4 f4 40. Qh3
Re7 41. Qh5+ Kf6 42. g5+ Ke6 43. Qg6+ Kd7 44. Kf1 Qe3 45. Re2 Qxc3 46. Qf5+ Kc7
47. g6 Qa1+ 48. Re1 Qc3 49. Qf8 Qc4+ 50. Re2 Rd7 51. g7 Rd1+ 52. Kf2 Qd4+ 53.
Kf3 Rf1+ 54. Kg4 f3+ 55. Kg5 fxe2 56. Qe7+ Kc6 57. Qe6+ Kc7 58. g8=Q Qf4+ 0-1